Calcium techniques : (Record no. 19121)
[ view plain ]
| 000 -LEADER | |
|---|---|
| fixed length control field | 01482cam a2200253 i 4500 |
| 020 ## - INTERNATIONAL STANDARD BOOK NUMBER | |
| ISBN | 9781621820789 (hbk.) |
| 020 ## - INTERNATIONAL STANDARD BOOK NUMBER | |
| ISBN | 1621820785 (hbk.) |
| 020 ## - INTERNATIONAL STANDARD BOOK NUMBER | |
| ISBN | 9781936113583 (pbk.) |
| 020 ## - INTERNATIONAL STANDARD BOOK NUMBER | |
| ISBN | 1936113589 (pbk.) |
| 040 ## - CATALOGING SOURCE | |
| Transcribing agency | DLC |
| 082 00 - DEWEY DECIMAL CLASSIFICATION NUMBER | |
| Classification number | 572 INS 1990 C161 Or. |
| 245 00 - TITLE STATEMENT | |
| Title | Calcium techniques : |
| Remainder of title | a laboratory manual / |
| 300 ## - PHYSICAL DESCRIPTION | |
| Number of Pages | xvi, 592 pages : |
| Other physical details | illustrations (some color) ; |
| Dimensions | 28 cm |
| 520 ## - SUMMARY, ETC. | |
| Summary, etc | "This laboratory manual provides step-by-step protocols for studying many facets of Ca2+ signaling, as well as background information on the principles and applications of the techniques. Contributors discuss how to use fluorescent, luminescent, and genetically encoded Ca2+ probes in conjunction with state-of-the-art imaging modalities to characterize Ca2+ signals. Electrophysiological measurements of Ca2+ channel activity are described, as are radioactive Ca2+ flux assays and methods to investigate signaling mediated by specific Ca2+-mobilizing messengers (IP3, cADPR, and NAADP). Techniques to modulate and suppress intra- and intercellular signals are also provided. Each protocol is complete with a list of required materials, detailed recipes for media and reagents, and troubleshooting advice"-- |
| 650 12 - SUBJECT ADDED ENTRY--TOPICAL TERM | |
| Topical Term | Calcium |
| 650 22 - SUBJECT ADDED ENTRY--TOPICAL TERM | |
| Topical Term | Calcium Channels |
| 650 22 - SUBJECT ADDED ENTRY--TOPICAL TERM | |
| Topical Term | Calcium Signaling |
| 650 22 - SUBJECT ADDED ENTRY--TOPICAL TERM | |
| Topical Term | Fluorometry |
| 700 1# - ADDED ENTRY--PERSONAL NAME | |
| Personal name | Parys, Jan B., |
| 700 1# - ADDED ENTRY--PERSONAL NAME | |
| Personal name | Bootman, Martin D., |
| 700 1# - ADDED ENTRY--PERSONAL NAME | |
| Personal name | Yule, David I., |
| 700 1# - ADDED ENTRY--PERSONAL NAME | |
| Personal name | Bultynck, Geert, |
| 942 ## - ADDED ENTRY ELEMENTS (KOHA) | |
| Koha item type | ADB |
| 952 ## - LOCATION AND ITEM INFORMATION (KOHA) | |
| Withdrawn status [LOCAL, KOHA] | 0 |
| Source of acquisition | Permanent Location | Date acquired | Koha item type | Lost status | Shelving location | Current Location | Full call number |
|---|---|---|---|---|---|---|---|
| A39456 | Library Block C | 2020-03-13 | សៀវភៅភាសាអង់គ្លេស | C161 | Library Block C | 572 INS 1990 C161 Or. |